00453nam a2200169Ia 4500003000400000005001700004008004100021020001800062040000900080082001700089100001900106245007700125250001200202260004600214300000900260650001400269OSt20200817103107.0190216s9999||||xx |||||||||||||| ||und|| a9788173197116 coclc a547.2bAHL/O aAhluwalia, V K 0aOrganic Synthesis :bSpecial Techniques /cV K Ahluwalia ; Renu Aggarwal a2nd Ed. bNarosa Pubshing House,c2007.aNew Delhi: a216p aChemistry